| 000 | 00995cam a2200253 a 4500 | ||
|---|---|---|---|
| 001 | vtls003154678 | ||
| 003 | MY-SjTCS | ||
| 005 | 20200226114024.0 | ||
| 008 | 110218s2008 sa a b 001 0 eng d | ||
| 020 | _a0702176753 (pbk.) | ||
| 020 | _a9780702176753 (pbk.) | ||
| 039 | 9 |
_a201102181435 _bVLOAD _c201002251117 _dshuhada _c201002251116 _dshuhada _c201002251104 _dshuhada _y200912301251 _zmalathy |
|
| 043 | _af-sa--- | ||
| 082 | 0 | 4 |
_a302.230968 _bMED |
| 245 | 0 | 0 |
_aMedia studies. _nVol. 2, _pPolicy, management and media representation / _cPieter J. Fourie (editor). |
| 250 | _a2nd ed. | ||
| 260 |
_aCape Town, South Africa : _bJuta, _c2008. |
||
| 300 |
_axxviii, 514 p. : _bill. ; _c25 cm. |
||
| 500 | _a"First published in 2001 as Media studies : instituitions, theories and issues"--t.p. verso. | ||
| 504 | _aIncludes bibliographical references and index. | ||
| 650 | 0 |
_aMass media _zSouth Africa. |
|
| 700 | 1 |
_aFourie, Pieter J. _q(Pieter Jacobus), _d1950- _937118 |
|
| 920 | _aMCS : 140594 | ||
| 999 | _c125768 | ||